Plan de Desarrollo Económico y Social 1973-1977
Bases y orientaciones generales del plan de desarrollo económico y social para el quinquenio 1973-1977, en El Salvador, considera la participación estatal en la inversiones públicas y el estímulo al sector privado. Presenta un análisis global del comportamiento de la economía del país en la última d...
Spremljeno u:
| Autor kompanije: | |
|---|---|
| Format: | Nepoznato |
| Izdano: |
San Salvador:
Ministerio de Planificación y Coordinación del Desarrollo Económico y Social
|
| Teme: | |
| Oznake: |
Dodaj oznaku
Bez oznaka, Budi prvi tko označuje ovaj zapis!
|
MARC
| LEADER | 00000 a2200000 04500 | ||
|---|---|---|---|
| 001 | 19839 | ||
| 003 | |||
| 008 | 991231s d | ||
| 040 | |||
| 090 | |a 080301 | ||
| 110 | |a El Salvador. Ministerio de Planificación y Coordinación del Desarrollo Económico y Social | ||
| 245 | |a Plan de Desarrollo Económico y Social 1973-1977 | ||
| 260 | |a San Salvador: |b Ministerio de Planificación y Coordinación del Desarrollo Económico y Social | ||
| 300 | |a 194 p. | ||
| 520 | |a Bases y orientaciones generales del plan de desarrollo económico y social para el quinquenio 1973-1977, en El Salvador, considera la participación estatal en la inversiones públicas y el estímulo al sector privado. Presenta un análisis global del comportamiento de la economía del país en la última década, señala que los objetivos del plan son: elevar el nivel de vida de la población, promover el crecimiento de la producción de la integración regional y del comercio internacional, toma en consideración aspectos de: comercio, papel del Estado, producción, distribución del ingreso, inversiones, agricultura y ganadería, servicios, gasto público, financiamiento, infraestructura, turismo, salud, educación, integración centroamericana y otros./ACM | ||
| 650 | |a EL SALVADOR | ||
| 650 | |a PLANES DE DESARROLLO | ||
| 650 | |a PLANIFICACION ECONOMICA | ||
| 650 | |a ESTRUCTURA ECONOMICA | ||
| 650 | |a ESTRUCTURA SOCIAL | ||
| 650 | |a PLANES NACIONALES | ||
| 999 | |c 1716 |d 1716 | ||
